[Event "5. Torneo IRT Móstoles 2012"]
[Site "Madrid ESP"]
[Date "2012.07.19"]
[Round "1.1"]
[White "Almagro Llamas, Pablo"]
[Black "Huerta Navarro, Eusebio"]
[Result "1-0"]
[WhiteElo "2465"]
[BlackElo "1866"]
[PlyCount "55"]
[EventDate "2012.07.19"]
[EventType "swiss"]
[EventRounds "9"]
[EventCountry "ESP"]
[Source "lmi"]
[SourceDate "2012.07.19"]

1. d4 d5 2. c4 e6 3. Nc3 Nf6 4. cxd5 exd5 5. Bg5 Be7 6. e3 O-O 7. Qc2 c6 8. Bd3
h6 9. Bf4 a5 10. Nge2 Na6 11. a3 Nc7 12. h3 Ne6 13. Be5 Nd7 14. Bh2 Re8 15. O-O
Nf6 16. Rad1 b6 17. Kh1 Bd6 18. Be5 Bb7 19. f4 Rc8 20. Ng3 c5 21. Nf5 Bb8 22.
Qf2 cxd4 23. exd4 Bc6 24. Qh4 Nh7 25. Nxh6+ gxh6 26. Qxh6 Bxe5 27. Bxh7+ Kh8
28. Bg6+ 1-0

[Event "5. Torneo IRT Móstoles 2012"]
[Site "Madrid ESP"]
[Date "2012.07.19"]
[Round "1.2"]
[White "Garcia Martin, Juan Manuel"]
[Black "Bolado Saez, Sergio"]
[Result "1/2-1/2"]
[WhiteElo "1864"]
[BlackElo "2386"]
[PlyCount "239"]
[EventDate "2012.07.19"]
[EventType "swiss"]
[EventRounds "9"]
[EventCountry "ESP"]
[Source "lmi"]
[SourceDate "2012.07.19"]

1. g3 g6 2. Bg2 Bg7 3. Nf3 d5 4. d4 c5 5. c3 Nf6 6. Bf4 Qb6 7. Qb3 c4 8. Qxb6
axb6 9. Na3 Bd7 10. Bc7 b5 11. Ne5 Bc6 12. Bxb8 Rxb8 13. Nc2 O-O 14. Nb4 Rfc8
15. e3 e6 16. Ke2 Bf8 17. a3 Bd6 18. f4 Be8 19. Bf3 Kg7 20. g4 Ng8 21. g5 Ne7
22. h4 Nf5 23. Kf2 Be7 24. Nc2 Bc6 25. h5 Ra8 26. hxg6 hxg6 27. Rh3 Rh8 28.
Rah1 Rxh3 29. Rxh3 f6 30. gxf6+ Bxf6 31. Ng4 Bh4+ 32. Ke2 Be7 33. Ne5 Rf8 34.
Rh2 Be8 35. Bg4 g5 36. fxg5 Bxg5 37. Nf3 Bh6 38. Rg2 Kf6 39. Rh2 Kg7 40. Rg2
Kh7 41. Rh2 Rg8 42. Rg2 Kh8 43. Bh3 Rf8 44. Bg4 Rf6 45. Ne5 Bg7 46. Nf3 Bg6 47.
Ne5 Bh7 48. Ne1 Nh6 49. Bh3 Be4 50. Rf2 Nf5 51. Bxf5 exf5 52. N1f3 Ra6 53. Nd2
Bc2 54. Nf7+ Kg8 55. Ne5 b4 56. axb4 Ra2 57. Rg2 Rxb2 58. Nd7 Bd3+ 59. Ke1 Kf7
60. Ne5+ Bxe5 61. dxe5 Rc2 62. Rh2 Rxc3 63. Rh7+ Ke6 64. Rxb7 Rc1+ 65. Kf2 Rc2
66. Ke1 c3 67. Nf3 Re2+ 68. Kd1 Rxe3 69. Rb6+ Ke7 70. Nd4 Rh3 71. Rb7+ Kd8 72.
Ne6+ Ke8 73. Ng7+ Kf8 74. Ne6+ Ke8 75. Ng7+ Kd8 76. Ne6+ Kc8 77. Rc7+ Kb8 78.
Rxc3 Be2+ 79. Kd2 Rh2 80. Ke3 Bc4 81. Nf4 Kb7 82. e6 Kc6 83. Kd4 Kd6 84. e7 Bb5
85. Rc5 Bd7 86. Rxd5+ Kxe7 87. Kc5 Rc2+ 88. Kd4 Rb2 89. Kc5 Rc2+ 90. Kd4 Rf2
91. Ng6+ Kf6 92. Ke3 Rb2 93. Rxd7 Kxg6 94. Rb7 Kg5 95. b5 Rb3+ 96. Kf2 Kg4 97.
b6 Rb2+ 98. Kg1 Kf3 99. Rf7 f4 100. b7 Rb1+ 101. Kh2 Ke3 102. Kg2 Rb2+ 103. Kg1
Kf3 104. Rg7 Rb1+ 105. Kh2 Kf2 106. Rg2+ Ke3 107. Rg7 Kf2 108. Rg2+ Kf3 109.
Rg7 Ke2 110. Rg2+ Ke3 111. Rg7 Rb2+ 112. Kg1 Rb6 113. Kg2 Rb2+ 114. Kg1 Kf3
115. Rf7 Rb1+ 116. Kh2 Ke3 117. Kg2 Rb2+ 118. Kg1 Kf3 119. Rg7 Rb1+ 120. Kh2
1/2-1/2

[Event "5. Torneo IRT Móstoles 2012"]
[Site "Madrid ESP"]
[Date "2012.07.19"]
[Round "1.3"]
[White "Renteria, Jorge"]
[Black "Lozano Sanchez, Jose Antonio"]
[Result "1-0"]
[WhiteElo "2326"]
[BlackElo "1863"]
[PlyCount "47"]
[EventDate "2012.07.19"]
[EventType "swiss"]
[EventRounds "9"]
[EventCountry "ESP"]
[Source "lmi"]
[SourceDate "2012.07.19"]

1. e4 e5 2. Nf3 Nc6 3. d4 exd4 4. Nxd4 Bc5 5. Be3 Qf6 6. c3 Nge7 7. Bc4 Ne5 8.
Be2 d6 9. O-O O-O 10. f4 N5c6 11. Kh1 Bd7 12. e5 dxe5 13. fxe5 Qxe5 14. Bf4 Qd5
15. Bf3 Qc4 16. Nd2 Qa6 17. Be2 b5 18. Nxb5 Qb7 19. Ne4 Bd6 20. Bxd6 cxd6 21.
Nexd6 Qb6 22. Nxf7 Ne5 23. Nxe5 Bxb5 24. Qb3+ 1-0

[Event "5. Torneo IRT Móstoles 2012"]
[Site "Madrid ESP"]
[Date "2012.07.19"]
[Round "1.4"]
[White "Aguado Rodriguez, Guillermo"]
[Black "Vega Gomez, Francisco Borja"]
[Result "0-1"]
[WhiteElo "1861"]
[BlackElo "2225"]
[PlyCount "70"]
[EventDate "2012.07.19"]
[EventType "swiss"]
[EventRounds "9"]
[EventCountry "ESP"]
[Source "lmi"]
[SourceDate "2012.07.19"]

1. d4 d6 2. Nf3 Nf6 3. Bf4 c5 4. c3 Qb6 5. Qb3 Be6 6. Qxb6 axb6 7. Na3 g6 8. e3
Bg7 9. Bb5+ Nbd7 10. Nc4 O-O 11. a4 Nd5 12. Bg5 f6 13. Bh4 Nc7 14. Bxd7 Bxc4
15. Nd2 Bd3 16. Bg4 h5 17. Bf3 g5 18. Bg3 h4 19. Bxb7 Ra7 20. Bc6 hxg3 21. hxg3
Kf7 22. c4 Na6 23. Bf3 Nb4 24. Bh5+ Bg6 25. Bxg6+ Kxg6 26. Kd1 Nd3 27. Kc2 Nxf2
28. Rhf1 Ng4 29. Kd3 f5 30. b3 e6 31. Rae1 Nf6 32. Re2 Ne4 33. Rf3 g4 34. Rf4
Nxg3 35. Re1 e5 0-1

[Event "5. Torneo IRT Móstoles 2012"]
[Site "Madrid ESP"]
[Date "2012.07.19"]
[Round "1.5"]
[White "Fernandez Blazquez, Diego"]
[Black "Tevar Sanz, Gonzalo"]
[Result "1-0"]
[WhiteElo "2190"]
[BlackElo "1849"]
[PlyCount "77"]
[EventDate "2012.07.19"]
[EventType "swiss"]
[EventRounds "9"]
[EventCountry "ESP"]
[Source "lmi"]
[SourceDate "2012.07.19"]

1. d4 Nf6 2. c4 c5 3. d5 b5 4. Nf3 g6 5. cxb5 a6 6. Qc2 d6 7. e4 Bg7 8. Nc3 O-O
9. a4 axb5 10. Bxb5 Ba6 11. O-O Bxb5 12. Nxb5 Na6 13. Bd2 Nc7 14. Nxc7 Qxc7 15.
Bc3 Rfb8 16. Rfb1 Ra7 17. Nd2 Rab7 18. Nc4 Rb3 19. Nd2 R3b7 20. Nc4 Rb3 21. Ra3
Rxa3 22. Nxa3 Nd7 23. Nc4 Bxc3 24. bxc3 Ra8 25. Rb5 e6 26. dxe6 fxe6 27. Qb3
Qc6 28. f3 d5 29. exd5 exd5 30. Ne3 c4 31. Qd1 Nb6 32. Qd4 Nxa4 33. Rxd5 Nb6
34. Rd6 Ra1+ 35. Nf1 Qc7 36. Rxb6 Rd1 37. Rxg6+ hxg6 38. Qxd1 Qc5+ 39. Qd4 1-0

[Event "5. Torneo IRT Móstoles 2012"]
[Site "Madrid ESP"]
[Date "2012.07.19"]
[Round "1.6"]
[White "Medrano Del Val, Julio"]
[Black "De la Fuente Gonzalez, Francisco"]
[Result "0-1"]
[WhiteElo "1844"]
[BlackElo "2184"]
[PlyCount "100"]
[EventDate "2012.07.19"]
[EventType "swiss"]
[EventRounds "9"]
[EventCountry "ESP"]
[Source "lmi"]
[SourceDate "2012.07.19"]

1. Nf3 d5 2. d4 Nf6 3. c4 c6 4. e3 Bf5 5. Nbd2 e6 6. Be2 Nbd7 7. cxd5 exd5 8.
O-O Bd6 9. b3 O-O 10. a4 Qe7 11. Nb1 Ne4 12. Nbd2 Rfe8 13. Qc2 Ng3 14. Qd1 Nxf1
15. Nxf1 Nf6 16. Nh4 Bg6 17. Bg4 Ne4 18. Nf5 Bxf5 19. Bxf5 Qf6 20. Bxe4 Rxe4
21. Ba3 Bxa3 22. Rxa3 Qd6 23. Ra2 g6 24. Qd2 a5 25. Qd1 Qb4 26. Nd2 Re6 27. Nf3
Rae8 28. Ne5 Rxe5 29. dxe5 Rxe5 30. Kf1 Re4 31. Qd3 Qd6 32. g3 Qe5 33. Rd2 f5
34. Kg2 Rb4 35. f3 Qa1 36. h3 Qa3 37. Qc3 Rxb3 38. Qxa5 Qe7 39. e4 fxe4 40.
fxe4 Qxe4+ 41. Kh2 Qe7 42. Rf2 Re3 43. Qd2 Qe5 44. Rg2 h5 45. h4 Qc3 46. Qf2
Qe5 47. Qc2 Re4 48. Kh1 Re1+ 49. Kh2 Qe4 50. Qb3 Qb1 0-1

[Event "5. Torneo IRT Móstoles 2012"]
[Site "Madrid ESP"]
[Date "2012.07.19"]
[Round "1.8"]
[White "Lopez Pais, Francisco"]
[Black "Rodriguez De Castro, Ayar"]
[Result "0-1"]
[WhiteElo "1821"]
[BlackElo "2167"]
[PlyCount "64"]
[EventDate "2012.07.19"]
[EventType "swiss"]
[EventRounds "9"]
[EventCountry "ESP"]
[Source "lmi"]
[SourceDate "2012.07.19"]

1. c4 e6 2. g3 d5 3. Bg2 c6 4. Nf3 Nf6 5. O-O dxc4 6. Qc2 Be7 7. Ne5 Nbd7 8.
Nxc4 O-O 9. d4 Nd5 10. e4 Nb4 11. Qe2 b5 12. Ne3 c5 13. dxc5 Bxc5 14. a3 Nc6
15. b4 Nd4 16. Qh5 Bb6 17. Bb2 Bb7 18. Nc3 Nf6 19. Qg5 h6 20. Qh4 Rc8 21. Rad1
Qe7 22. e5 Bxg2 23. exf6 Nf3+ 24. Kxg2 Nxh4+ 25. gxh4 Qxf6 26. Ng4 Qg6 27. Kh3
Qf5 28. Kg3 h5 29. Nh6+ gxh6 30. f3 Kh7 31. h3 Rg8+ 32. Kh2 Qc2+ 0-1

[Event "5. Torneo IRT Móstoles 2012"]
[Site "Madrid ESP"]
[Date "2012.07.19"]
[Round "1.10"]
[White "Lysyy, Petro"]
[Black "Collado Barbas, Laura"]
[Result "0-1"]
[WhiteElo "1797"]
[BlackElo "2118"]
[PlyCount "96"]
[EventDate "2012.07.19"]
[EventType "swiss"]
[EventRounds "9"]
[EventCountry "ESP"]
[Source "lmi"]
[SourceDate "2012.07.19"]

1. d4 d5 2. Nf3 c6 3. Bf4 Nf6 4. h3 Bf5 5. e3 Qb6 6. Qc1 e6 7. Be2 Nbd7 8. O-O
h6 9. Nbd2 Be7 10. c4 c5 11. cxd5 exd5 12. dxc5 Nxc5 13. Nd4 Bd3 14. Qc3 Bxe2
15. Nxe2 O-O 16. Rab1 Rac8 17. Qd4 Qa6 18. Nc3 Rfd8 19. Nb3 Ne6 20. Qd1 d4 21.
Nxd4 Nxf4 22. exf4 Bc5 23. Nce2 Bxd4 24. Nxd4 Qb6 25. Qb3 Rxd4 26. Qxb6 axb6
27. g3 Rc2 28. Kg2 Rdd2 29. Kf3 Rd3+ 30. Kg2 Ne4 31. Rbc1 Rxg3+ 32. Kh2 Rxc1
33. Rxc1 Rf3 34. Rc2 Rxf2+ 35. Rxf2 Nxf2 36. Kg3 Nd3 37. Kf3 Nxb2 38. Ke4 Kf8
39. Kd4 Ke7 40. Kc3 Nd1+ 41. Kd4 Kd6 42. h4 Nf2 43. a3 f5 44. a4 g6 45. Ke3
Ng4+ 46. Kd4 Nf6 47. Kc4 Nh5 48. Kb5 Kc7 0-1

[Event "5. Torneo IRT Móstoles 2012"]
[Site "Madrid ESP"]
[Date "2012.07.19"]
[Round "1.11"]
[White "Cabañas Jimenez, Manuel"]
[Black "Morera Rodriguez, Ignacio"]
[Result "1-0"]
[WhiteElo "2108"]
[BlackElo "1786"]
[PlyCount "75"]
[EventDate "2012.07.19"]
[EventType "swiss"]
[EventRounds "9"]
[EventCountry "ESP"]
[Source "lmi"]
[SourceDate "2012.07.19"]

1. e4 c5 2. Nf3 d6 3. c3 Nf6 4. Be2 g6 5. O-O Bg7 6. Re1 O-O 7. Bf1 Qa5 8. h3
Nc6 9. d4 cxd4 10. cxd4 Nd7 11. Na3 a6 12. Nc4 Qc7 13. Bg5 b5 14. Ne3 Re8 15.
Rc1 Qb6 16. Nd5 Qb7 17. Rxc6 Qxc6 18. Nxe7+ Rxe7 19. Bxe7 f6 20. Qb3+ Kh8 21.
Qe6 Ne5 22. Qxd6 Nxf3+ 23. gxf3 Qxd6 24. Bxd6 f5 25. e5 Be6 26. f4 Bxa2 27. Ra1
Bc4 28. Bxc4 bxc4 29. Kg2 Kg8 30. Ra4 Bf8 31. Bxf8 Kxf8 32. Rxc4 Rd8 33. Kf3
Ke7 34. Ke3 Rb8 35. b4 a5 36. bxa5 Rb3+ 37. Ke2 Rxh3 38. Ra4 1-0

[Event "5. Torneo IRT Móstoles 2012"]
[Site "Madrid ESP"]
[Date "2012.07.19"]
[Round "1.12"]
[White "Yeves Miquel, Enrique"]
[Black "Cortes Jurado, Rafael"]
[Result "0-1"]
[WhiteElo "1758"]
[BlackElo "2106"]
[PlyCount "50"]
[EventDate "2012.07.19"]
[EventType "swiss"]
[EventRounds "9"]
[EventCountry "ESP"]
[Source "lmi"]
[SourceDate "2012.07.19"]

1. d4 Nf6 2. c4 e6 3. Nc3 Bb4 4. Qc2 O-O 5. a3 Bxc3+ 6. Qxc3 b6 7. Bg5 Bb7 8.
e3 d5 9. f3 Nbd7 10. Bd3 Re8 11. Nh3 h6 12. Bxf6 Nxf6 13. O-O Rc8 14. c5 bxc5
15. Qxc5 a6 16. b4 Qd6 17. Rac1 Nd7 18. Qa5 e5 19. Rfe1 exd4 20. exd4 Qf6 21.
Rxe8+ Rxe8 22. Qxc7 Qxd4+ 23. Nf2 Rc8 24. Qxd7 Rxc1+ 25. Bf1 Qc4 0-1

[Event "5. Torneo IRT Móstoles 2012"]
[Site "Madrid ESP"]
[Date "2012.07.19"]
[Round "1.14"]
[White "Tolosana Esteban, Enrique"]
[Black "Aguado Solana, Juan"]
[Result "1-0"]
[WhiteElo "1744"]
[BlackElo "2094"]
[PlyCount "51"]
[EventDate "2012.07.19"]
[EventType "swiss"]
[EventRounds "9"]
[EventCountry "ESP"]
[Source "lmi"]
[SourceDate "2012.07.19"]

1. f4 Nf6 2. Nf3 c5 3. b3 g6 4. Bb2 Bg7 5. e3 O-O 6. Be2 d6 7. O-O Nc6 8. c4 e5
9. fxe5 Ng4 10. Nc3 Ngxe5 11. Kh1 Bf5 12. e4 Be6 13. Nd5 Nxf3 14. Bxg7 Nxh2 15.
Bf6 Qe8 16. Kxh2 Bxd5 17. exd5 Ne5 18. Bg4 h6 19. d4 Nd7 20. Bxd7 Qxd7 21. dxc5
dxc5 22. Qd2 Kh7 23. Rae1 Rae8 24. d6 Re6 25. Be7 Re8 26. Rxe6 1-0

[Event "5. Torneo IRT Móstoles 2012"]
[Site "Madrid ESP"]
[Date "2012.07.19"]
[Round "1.15"]
[White "Ramos Del Campo, Alexander"]
[Black "Fernandez Sanchez, Lorenzo"]
[Result "1-0"]
[WhiteElo "2078"]
[BlackElo "1736"]
[PlyCount "189"]
[EventDate "2012.07.19"]
[EventType "swiss"]
[EventRounds "9"]
[EventCountry "ESP"]
[Source "lmi"]
[SourceDate "2012.07.19"]

1. e4 e5 2. Nf3 d6 3. d4 exd4 4. Qxd4 Nc6 5. Bb5 Bd7 6. Bxc6 Bxc6 7. Nc3 Nf6 8.
Bg5 Be7 9. O-O-O O-O 10. Rhe1 Nd7 11. h4 Bf6 12. Qe3 Re8 13. Nd4 h6 14. Bf4
Bxd4 15. Rxd4 Qxh4 16. g3 Qf6 17. g4 g5 18. Bg3 Ne5 19. Bxe5 dxe5 20. Nd5 Bxd5
21. Rxd5 Qf4 22. Qxf4 exf4 23. Rd7 Rac8 24. f3 Red8 25. Red1 Rxd7 26. Rxd7 Kf8
27. e5 Ke8 28. e6 fxe6 29. Rh7 e5 30. Rxh6 Kf7 31. Kd2 Rd8+ 32. Ke2 Rd7 33. b4
Rd4 34. c3 Rd7 35. b5 Kg7 36. Re6 Rd5 37. c4 Rc5 38. Kd3 Kf7 39. Rh6 Kg7 40.
Rh5 Kg6 41. Kc3 b6 42. Rh8 c6 43. a4 cxb5 44. axb5 Rc7 45. Re8 Kf6 46. Rf8+ Kg6
47. Kd3 Rd7+ 48. Kc2 Rd4 49. Rc8 Rd7 50. Re8 Kf6 51. Rf8+ Kg6 52. Rf5 Rd4 53.
Kc3 Rd1 54. Rxe5 Rf1 55. Re7 Rxf3+ 56. Kd4 Ra3 57. Re6+ Kf7 58. Rh6 Kg7 59. Rd6
Ra1 60. Ke4 Ra3 61. Kf5 f3 62. Kxg5 Ra4 63. Rd7+ Kf8 64. Rd4 f2 65. Rf4+ Kg7
66. Rxf2 Rxc4 67. Rf4 Rc5+ 68. Rf5 Rc4 69. Rd5 Ra4 70. Kf5 Ra1 71. g5 Rf1+ 72.
Ke6 Kg6 73. Kd6 Rf7 74. Kc6 Rf8 75. Rd7 Kxg5 76. Rxa7 Rf6+ 77. Kb7 Kf5 78. Ra6
Ke5 79. Rxb6 Rf7+ 80. Kc6 Kd4 81. Rb8 Rf6+ 82. Kb7 Kc5 83. Ka7 Rf7+ 84. Ka6
Rf6+ 85. b6 Rc6 86. Ka7 Kb5 87. Rg8 Rf6 88. Rg7 Re6 89. b7 Ra6+ 90. Kb8 Rc6 91.
Rc7 Rh6 92. Rc1 Rh8+ 93. Ka7 Rh7 94. Ka8 Ka6 95. Ra1+ 1-0

[Event "5. Torneo IRT Móstoles 2012"]
[Site "Madrid ESP"]
[Date "2012.07.19"]
[Round "1.16"]
[White "Martinez Miura, Enrique"]
[Black "Tipter, Napoleon"]
[Result "1/2-1/2"]
[WhiteElo "1724"]
[BlackElo "2076"]
[PlyCount "101"]
[EventDate "2012.07.19"]
[EventType "swiss"]
[EventRounds "9"]
[EventCountry "ESP"]
[Source "lmi"]
[SourceDate "2012.07.19"]

1. e4 c5 2. c4 Nc6 3. Nc3 e6 4. g3 Nf6 5. Bg2 Be7 6. Nge2 O-O 7. O-O a6 8. d4
cxd4 9. Nxd4 Qc7 10. h3 b6 11. Nxc6 dxc6 12. Be3 Bb7 13. Qb3 Nd7 14. Rfd1 Rfd8
15. f4 Bc5 16. Bxc5 Nxc5 17. Qc2 e5 18. f5 a5 19. Qe2 Qe7 20. Rxd8+ Rxd8 21.
Rd1 Rd4 22. Qg4 f6 23. Qf3 Qd6 24. Kh2 Ba6 25. b3 b5 26. cxb5 cxb5 27. Rxd4
exd4 28. e5 fxe5 29. Qa8+ Kf7 30. Nd5 e4 31. Qa7+ Bb7 32. Bxe4 Nxe4 33. Qxb7+
Kf8 34. Nf4 Nc5 35. Qa8+ Kf7 36. Qa7+ Kf6 37. Nh5+ Kxf5 38. Qxg7 d3 39. Qf7+
Ke4 40. Nf6+ Kd4 41. Ng4 Ne4 42. Qg7+ Kc5 43. Qa7+ Kb4 44. Qe3 Qd5 45. Nf2 Nxf2
46. Qxf2 d2 47. Qf8+ Qc5 48. a3+ Kxb3 49. Qxc5 d1=Q 50. Qxb5+ Ka2 51. Qxa5
1/2-1/2

[Event "5. Torneo IRT Móstoles 2012"]
[Site "Madrid ESP"]
[Date "2012.07.19"]
[Round "1.23"]
[White "Gal, Eugen"]
[Black "Tevar Becerra, Alvaro"]
[Result "1-0"]
[WhiteElo "2030"]
[BlackElo "1578"]
[PlyCount "43"]
[EventDate "2012.07.19"]
[EventType "swiss"]
[EventRounds "9"]
[EventCountry "ESP"]
[Source "lmi"]
[SourceDate "2012.07.19"]

1. e4 e5 2. Nf3 Nc6 3. Bc4 Bc5 4. b4 Bxb4 5. c3 Bc5 6. O-O Nf6 7. d4 exd4 8. e5
d5 9. exf6 dxc4 10. fxg7 Rg8 11. Bg5 Qd5 12. cxd4 Bxd4 13. Nc3 Qd6 14. Nb5 Qg6
15. Nxc7+ Kd7 16. Nb5 Qxg7 17. Nbxd4 Nxd4 18. Nxd4 Ke8 19. Re1+ Be6 20. Nxe6
fxe6 21. Rxe6+ Kf7 22. Re7+ 1-0

[Event "5. Torneo IRT Móstoles 2012"]
[Site "Madrid ESP"]
[Date "2012.07.19"]
[Round "1.31"]
[White "Rosa Ramirez, Victor D"]
[Black "Martin Rodriguez, Jose L"]
[Result "1-0"]
[WhiteElo "1944"]
[BlackElo "1433"]
[PlyCount "23"]
[EventDate "2012.07.19"]
[EventType "swiss"]
[EventRounds "9"]
[EventCountry "ESP"]
[Source "lmi"]
[SourceDate "2012.07.19"]

1. e4 e6 2. d4 d5 3. e5 c5 4. c3 Nc6 5. Nf3 Qb6 6. a3 cxd4 7. cxd4 f6 8. Bd3
fxe5 9. Nxe5 Nf6 10. O-O Qxd4 11. Nxc6 bxc6 12. Bg6+ 1-0

[Event "5. Torneo IRT Móstoles 2012"]
[Site "Madrid ESP"]
[Date "2012.07.19"]
[Round "1.33"]
[White "Pindado Campos, Raul"]
[Black "Jimenez Perez, Federico"]
[Result "1-0"]
[WhiteElo "1928"]
[BlackElo "1272"]
[PlyCount "101"]
[EventDate "2012.07.19"]
[EventType "swiss"]
[EventRounds "9"]
[EventCountry "ESP"]
[Source "lmi"]
[SourceDate "2012.07.19"]

1. d4 d5 2. c4 e6 3. Nc3 Nf6 4. Bg5 Be7 5. e3 Nc6 6. Nf3 O-O 7. Bd3 Nb4 8. O-O
Nxd3 9. Qxd3 Ne4 10. Bxe7 Qxe7 11. Nxe4 dxe4 12. Qxe4 Bd7 13. Qxb7 Rab8 14.
Qxc7 Rxb2 15. Ne5 Rc8 16. Qxd7 Qxd7 17. Nxd7 Rxc4 18. Rfc1 Rcc2 19. Rxc2 Rxc2
20. g3 f6 21. a4 Kf7 22. Rb1 Rc7 23. Nc5 e5 24. Rb7 Rxb7 25. Nxb7 exd4 26. exd4
Ke7 27. d5 Kd7 28. a5 g5 29. f4 g4 30. h3 h5 31. hxg4 hxg4 32. Kf2 a6 33. Nc5+
Kd6 34. Nxa6 Kxd5 35. Nc7+ Kc6 36. Ne8 f5 37. Ng7 Kb5 38. Nxf5 Kxa5 39. Ne3 Kb5
40. f5 Kc5 41. f6 Kd6 42. Nxg4 Ke6 43. Ke3 Kf7 44. Ke4 Ke6 45. Kd4 Kf7 46. Ke5
Kf8 47. Nh6 Ke8 48. g4 Kf8 49. g5 Ke8 50. Kd6 Kf8 51. g6 1-0

[Event "5. Torneo IRT Móstoles 2012"]
[Site "Madrid ESP"]
[Date "2012.07.19"]
[Round "1.34"]
[White "Escanciano Reyero, Daniel"]
[Black "Lopez Heras, Arturo"]
[Result "0-1"]
[WhiteElo "1659"]
[BlackElo "1926"]
[PlyCount "34"]
[EventDate "2012.07.19"]
[EventType "swiss"]
[EventRounds "9"]
[EventCountry "ESP"]
[Source "lmi"]
[SourceDate "2012.07.19"]

1. e4 e5 2. Nf3 Nc6 3. Bc4 Bc5 4. b4 Bxb4 5. c3 Bd6 6. d4 Nf6 7. Bg5 h6 8. Bh4
O-O 9. O-O g5 10. Nxg5 hxg5 11. Bxg5 Kg7 12. Qc1 Rh8 13. f4 exf4 14. e5 Nxe5
15. dxe5 Bc5+ 16. Kh1 Rxh2+ 17. Kxh2 Qh8+ 0-1

[Event "5. Torneo IRT Móstoles 2012"]
[Site "Madrid ESP"]
[Date "2012.07.20"]
[Round "2.1"]
[White "Baeza Escudero, Javier"]
[Black "Almagro Llamas, Pablo"]
[Result "0-1"]
[WhiteElo "2031"]
[BlackElo "2465"]
[PlyCount "54"]
[EventDate "2012.07.19"]
[EventType "swiss"]
[EventRounds "9"]
[EventCountry "ESP"]
[Source "lmi"]
[SourceDate "2012.07.19"]

1. d4 Nf6 2. c4 e6 3. g3 c5 4. d5 exd5 5. cxd5 d6 6. Nc3 a6 7. a4 g6 8. Bg2 Bg7
9. Nh3 O-O 10. O-O Re8 11. f3 Nbd7 12. e4 Rb8 13. Bf4 Ne5 14. Re1 Nh5 15. Bg5
Qb6 16. Ra2 c4+ 17. Be3 Qb3 18. Nf2 b5 19. f4 b4 20. fxe5 bxc3 21. Qb1 Bxe5 22.
Re2 c2 23. Rxc2 Qxe3 24. Rxc4 a5 25. b4 axb4 26. a5 b3 27. Ra3 Nf6 0-1

[Event "5. Torneo IRT Móstoles 2012"]
[Site "Madrid ESP"]
[Date "2012.07.20"]
[Round "2.2"]
[White "Ruiz Sanchez, Roberto"]
[Black "Renteria, Jorge"]
[Result "0-1"]
[WhiteElo "1994"]
[BlackElo "2326"]
[PlyCount "68"]
[EventDate "2012.07.19"]
[EventType "swiss"]
[EventRounds "9"]
[EventCountry "ESP"]
[Source "lmi"]
[SourceDate "2012.07.19"]

1. e4 c5 2. Nf3 d6 3. d4 cxd4 4. Nxd4 Nf6 5. Nc3 a6 6. Be2 e5 7. Nb3 Be7 8. O-O
O-O 9. f4 exf4 10. Bxf4 Nc6 11. Kh1 Be6 12. Nd4 Qd7 13. Qd2 Ne5 14. Nxe6 Qxe6
15. Qd4 Rac8 16. Rad1 Rfe8 17. a4 h6 18. Bc1 Nc6 19. Qc4 Ne5 20. Qb4 Rc7 21.
Qd4 Rec8 22. Rf5 Rc5 23. Rdf1 Ned7 24. R5f3 Ne5 25. Rg3 Ng6 26. Be3 Rxc3 27.
bxc3 Nxe4 28. Bg4 Nxg3+ 29. hxg3 Qc4 30. Bxc8 Qxf1+ 31. Kh2 h5 32. Bxb7 Ne5 33.
Bc8 Qe2 34. Qf4 Bg5 0-1

[Event "5. Torneo IRT Móstoles 2012"]
[Site "Madrid ESP"]
[Date "2012.07.20"]
[Round "2.3"]
[White "Vega Gomez, Francisco Borja"]
[Black "Gal, Eugen"]
[Result "1/2-1/2"]
[WhiteElo "2225"]
[BlackElo "2030"]
[PlyCount "99"]
[EventDate "2012.07.19"]
[EventType "swiss"]
[EventRounds "9"]
[EventCountry "ESP"]
[Source "lmi"]
[SourceDate "2012.07.19"]

1. Nf3 c5 2. g3 d5 3. Bg2 Nc6 4. d4 Nf6 5. O-O h5 6. c4 dxc4 7. dxc5 Qxd1 8.
Rxd1 e5 9. Na3 Bxc5 10. Nxc4 Ng4 11. Nd6+ Bxd6 12. Rxd6 Ke7 13. Rd1 f6 14. h3
Nh6 15. Bd2 Be6 16. b4 Rad8 17. b5 Nb8 18. Nh4 Kf7 19. Bxb7 g5 20. Ng2 Rd7 21.
Bc6 Nxc6 22. bxc6 Rd6 23. c7 Bxh3 24. Ne3 Rc8 25. Rac1 Be6 26. Rc2 Nf5 27. Nxf5
Bxf5 28. Rdc1 a5 29. Bxa5 Ra6 30. Rc5 Rca8 31. Rd5 Be6 32. e4 Bxd5 33. exd5 Ke7
34. c8=Q Rxc8 35. Rxc8 Rxa5 36. Rc7+ Kd6 37. Rf7 Kxd5 38. Rxf6 Ke4 39. Kg2 h4
40. g4 Rxa2 41. Rf5 Rb2 42. Kh3 Rb3+ 43. Kg2 Rb2 44. Kh3 Rb3+ 45. Kg2 h3+ 46.
Kh2 Rf3 47. Rxg5 Kf4 48. Rf5+ Kxg4 49. Rxe5 Rxf2+ 50. Kh1 1/2-1/2

[Event "5. Torneo IRT Móstoles 2012"]
[Site "Madrid ESP"]
[Date "2012.07.20"]
[Round "2.4"]
[White "Pablos Tenrero, Raquel"]
[Black "Fernandez Blazquez, Diego"]
[Result "0-1"]
[WhiteElo "1960"]
[BlackElo "2190"]
[PlyCount "64"]
[EventDate "2012.07.19"]
[EventType "swiss"]
[EventRounds "9"]
[EventCountry "ESP"]
[Source "lmi"]
[SourceDate "2012.07.19"]

1. e4 c5 2. Nf3 d6 3. d4 cxd4 4. Nxd4 Nf6 5. Nc3 a6 6. h3 e5 7. Nde2 h5 8. g3
Be6 9. Bg2 Nbd7 10. O-O b5 11. a3 Be7 12. Bg5 Rc8 13. Qd2 Qb6 14. Rad1 a5 15.
Kh2 Bc4 16. b3 Bxe2 17. Nxe2 O-O 18. Rc1 Rfd8 19. Bf3 b4 20. axb4 axb4 21. Ra1
Nc5 22. Qe3 Qb7 23. Nc1 d5 24. exd5 e4 25. Bg2 Rxd5 26. Bxf6 Bxf6 27. Ra5 Qb6
28. Ra2 h4 29. Bxe4 hxg3+ 30. fxg3 Re5 31. Rf4 Qe6 32. Nd3 Rxe4 0-1

[Event "5. Torneo IRT Móstoles 2012"]
[Site "Madrid ESP"]
[Date "2012.07.20"]
[Round "2.5"]
[White "De la Fuente Gonzalez, Francisco"]
[Black "Fuentes Arjona, Antonio"]
[Result "1-0"]
[WhiteElo "2184"]
[BlackElo "1999"]
[PlyCount "57"]
[EventDate "2012.07.19"]
[EventType "swiss"]
[EventRounds "9"]
[EventCountry "ESP"]
[Source "lmi"]
[SourceDate "2012.07.19"]

1. Nf3 d5 2. c4 d4 3. e3 c5 4. b4 Nc6 5. b5 Nb8 6. Bb2 Bg4 7. d3 e5 8. Be2 dxe3
9. fxe3 Nd7 10. Nxe5 Qf6 11. Rf1 Qh4+ 12. g3 Qxh2 13. Nxg4 Qxg3+ 14. Kd2 Ngf6
15. Nxf6+ gxf6 16. Nc3 Ne5 17. Nd5 O-O-O 18. Qe1 Qh3 19. Qf2 Bg7 20. Qf5+ Qxf5
21. Rxf5 Rhe8 22. Rg1 Bh6 23. Bxe5 Rxe5 24. Rxe5 fxe5 25. Rh1 Bg5 26. Rxh7 f5
27. Ne7+ Bxe7 28. Rxe7 e4 29. Re5 1-0

[Event "5. Torneo IRT Móstoles 2012"]
[Site "Madrid ESP"]
[Date "2012.07.20"]
[Round "2.6"]
[White "Ramos Aldoradin, John Paul"]
[Black "Sotoca Aguado, Jose"]
[Result "1-0"]
[WhiteElo "2176"]
[BlackElo "1992"]
[PlyCount "103"]
[EventDate "2012.07.19"]
[EventType "swiss"]
[EventRounds "9"]
[EventCountry "ESP"]
[Source "lmi"]
[SourceDate "2012.07.19"]

1. e4 e6 2. d4 d5 3. Nd2 c5 4. exd5 exd5 5. Bb5+ Bd7 6. Qe2+ Qe7 7. Bxd7+ Nxd7
8. dxc5 Qxe2+ 9. Nxe2 Bxc5 10. Nb3 Ngf6 11. Nxc5 Nxc5 12. Be3 Ne6 13. O-O-O O-O
14. h3 Rfd8 15. Rd3 b6 16. Rhd1 Nc5 17. Ra3 a5 18. Nf4 Rac8 19. Bd4 Nfe4 20. f3
g5 21. Nh5 Nd6 22. Nf6+ Kf8 23. Nxh7+ Kg8 24. Nf6+ Kf8 25. Bxc5 Rxc5 26. Rad3
Nc4 27. Rxd5 Rdxd5 28. Rxd5 Rc8 29. Rxg5 Ke7 30. Nd5+ Ke6 31. Nc3 Nd6 32. f4 f6
33. Rg3 Nc4 34. b3 Nd6 35. Rd3 b5 36. g4 b4 37. Re3+ Kf7 38. Ne4 Nb5 39. Kb2
Rc6 40. c4 bxc3+ 41. Nxc3 Nd4 42. f5 Rc5 43. Rd3 Nc6 44. Rd5 Rxd5 45. Nxd5 Ne5
46. a3 Nd3+ 47. Kc3 Nf2 48. Nf4 Ke7 49. Kd4 Kd6 50. Nd5 Nxh3 51. Nxf6 Ng5 52.
Ne4+ 1-0